书目信息 |
| 题名: |
漫漫回家路
|
|
| 作者: | 皮金顿, 著 ;石青 译 | |
| 分册: | ||
| 出版信息: | 北京 人民文学出版社 2005.08 |
|
| 页数: | 142页 | |
| 开本: | 20cm | |
| 丛书名: | 袋鼠丛书 | |
| 单 册: | ||
| 中图分类: | I611.55 | |
| 科图分类: | ||
| 主题词: | 纪实文学--ji shi wen xue--澳大利亚--现代 | |
| 电子资源: | ||
| ISBN: | 7-02-004693-2 | |
| 000 | 00978nam 2200253 450 | |
| 001 | 012006123952 | |
| 005 | 20060926153747.31 | |
| 010 | @a7-02-004693-2@dCNY11.00 | |
| 100 | @a20060903d2005 km y0chiy0120 ea | |
| 101 | 1 | @achi@ceng |
| 102 | @aCN@b110000 | |
| 105 | @ay z 000zy | |
| 200 | 1 | @a漫漫回家路@Aman man hui jia lu@f(澳) 多丽丝·皮金顿著@F(ao)duo li si·pi jin dun zhu@g石青译@Gshi qing yi |
| 210 | @a北京@c人民文学出版社@d2005.08 | |
| 215 | @a142页@d20cm | |
| 225 | 2 | @a袋鼠丛书@Adai shu cong shu |
| 330 | @a1931年澳大利亚当局曾将土著混血姑娘们送往南澳居留地,本书记录了作者和她的家人冒着生命危险徒步穿越西澳大陆的亲身经历,高歌了人类心灵的勇气和生生不息的活力,是澳大利亚土著人历史的见证。 | |
| 410 | 0 | @12001 @a袋鼠丛书 |
| 606 | 0 | @a纪实文学@Aji shi wen xue@y澳大利亚@z现代 |
| 690 | @aI611.55@v4 | |
| 701 | 1 | @a皮金顿,@Api jin dun,@bD.@g(Pilkington, Doris)@4著 |
| 702 | 0 | @a石青@Ashi qing@4译 |
| 801 | 0 | @aCN@c20060926 |
| 905 | @a10447@dI611.55@eP625 | |
| 漫漫回家路/(澳) 多丽丝·皮金顿著/石青译.-北京:人民文学出版社,2005.08 |
| 142页;20cm.-(袋鼠丛书) |
| ISBN 7-02-004693-2:CNY11.00 |
| 1931年澳大利亚当局曾将土著混血姑娘们送往南澳居留地,本书记录了作者和她的家人冒着生命危险徒步穿越西澳大陆的亲身经历,高歌了人类心灵的勇气和生生不息的活力,是澳大利亚土著人历史的见证。 |
| ● |
| 相关链接 |
|
|
|
正题名:漫漫回家路
索取号:I611.55/P625
 
预约/预借
| 序号 | 登录号 | 条形码 | 馆藏地/架位号 | 状态 | 备注 |
| 1 | 221181 | 202211819 | 文学库116/116文学库 25排1列3层/ [索取号:I611.55/P625] | 在馆 | |
| 2 | 221182 | 202211828 | 社科二线422/116文学库 25排1列3层/ [索取号:I611.55/P625] | 在馆 | |
| 3 | 221183 | 202211837 | 文学库116/116文学库 25排1列3层/ [索取号:I611.55/P625] | 在馆 |